Рейдерство как неформальный институт передела собственности; Известия Томского политехнического университета [Известия ТПУ]; Т. 318, № 6 : Экономика. Философия, социология и культурология
| Parent link: | Известия Томского политехнического университета [Известия ТПУ]/ Томский политехнический университет (ТПУ).— , 2000- Т. 318, № 6 : Экономика. Философия, социология и культурология.— 2011.— [С. 33-35] |
|---|---|
| Glavni autor: | |
| Daljnji autori: | |
| Sažetak: | Заглавие с титульного листа Электронная версия печатной публикации Проведено исследование рейдерства как неформального института передела собственности. Представлен анализ причин возникновения этого феномена. Дана авторская интерпретация неформальных институтов перераспределения собственности и рассмотрены основные причины их формирования. |
| Jezik: | ruski |
| Izdano: |
2011
|
| Serija: | Экономика |
| Teme: | |
| Online pristup: | http://www.lib.tpu.ru/fulltext/v/Bulletin_TPU/2011/v318/i6/06.pdf |
| Format: | Elektronički Poglavlje knjige |
| KOHA link: | https://koha.lib.tpu.ru/cgi-bin/koha/opac-detail.pl?biblionumber=199217 |
MARC
| LEADER | 00000nla2a2200000 4500 | ||
|---|---|---|---|
| 001 | 199217 | ||
| 005 | 20231219143837.0 | ||
| 035 | |a (RuTPU)RU\TPU\book\217244 | ||
| 035 | |a RU\TPU\book\217235 | ||
| 090 | |a 199217 | ||
| 100 | |a 20110727d2011 k y0rusy50 ca | ||
| 101 | 0 | |a rus | |
| 102 | |a RU | ||
| 135 | |a drnn ---uucaa | ||
| 181 | 0 | |a i | |
| 182 | 0 | |a b | |
| 200 | 1 | |a Рейдерство как неформальный институт передела собственности |f Е. А. Таран, Ю. С. Нехорошев | |
| 203 | |a Текст |c электронный | ||
| 215 | |a 1 файл (51 Кб) | ||
| 225 | 1 | |a Экономика | |
| 300 | |a Заглавие с титульного листа | ||
| 300 | |a Электронная версия печатной публикации | ||
| 320 | |a [Библиогр.: с. 35 (6 назв.)] | ||
| 330 | |a Проведено исследование рейдерства как неформального института передела собственности. Представлен анализ причин возникновения этого феномена. Дана авторская интерпретация неформальных институтов перераспределения собственности и рассмотрены основные причины их формирования. | ||
| 337 | |a Adobe Reader | ||
| 461 | 1 | |0 (RuTPU)RU\TPU\book\176237 |t Известия Томского политехнического университета [Известия ТПУ] |f Томский политехнический университет (ТПУ) |d 2000- | |
| 463 | 1 | |0 (RuTPU)RU\TPU\book\217230 |x 1684-8519 |t Т. 318, № 6 : Экономика. Философия, социология и культурология |v [С. 33-35] |d 2011 |p 177 с. | |
| 610 | 1 | |a передел собственности | |
| 610 | 1 | |a неформальные институты | |
| 610 | 1 | |a рейдерство | |
| 610 | 1 | |a институт частной собственности | |
| 610 | 1 | |a частная собственность | |
| 610 | 1 | |a труды учёных ТПУ | |
| 610 | 1 | |a электронный ресурс | |
| 700 | 1 | |a Таран |b Е. А. |c экономист |c старший преподаватель Томского политехнического университета |f 1981- |g Екатерина Александровна |3 (RuTPU)RU\TPU\pers\25771 |9 11664 | |
| 701 | 1 | |a Нехорошев |b Ю. С. |c российский экономист |c Заслуженный профессор Томского политехнического университета |f 1930- |g Юрий Сергеевич |3 (RuTPU)RU\TPU\pers\19847 | |
| 801 | 1 | |a RU |b 63413507 |c 20090623 |g PSBO | |
| 801 | 2 | |a RU |b 63413507 |c 20211227 |g PSBO | |
| 856 | 4 | |u http://www.lib.tpu.ru/fulltext/v/Bulletin_TPU/2011/v318/i6/06.pdf | |
| 942 | |c CF | ||